000 01529nam a2200337 i 4500
001 991061720878706706
003 ES-BaIT
005 20260225083851.0
008 260225e202405 fr a 000 d fre c
020 _a9782749816326
040 _aES-BaIT
_bcat
_erda
_cES-BaIT
080 _a840-2"20"
100 1 _aColombani, Laetitia,
_d1976-
_eautor
_9166474
245 1 3 _aLe Jour du kiwi /
_cLaetitia Colombani
264 1 _aParis :
_bL'avant-scène théatre,
_cmai 2024
300 _a82 pàgines :
_bi·llustracions ;
_c21 cm
336 _atext
_btxt
_2rdacontent
336 _aimatge fixa
_bsti
_2rdacontent
337 _asense mediació
_bn
_2rdamedia
338 _avolum
_bnc
_2rdacarrier
490 1 _aL' Avant-scène théâtre ;
_vno 1558
500 _aP4: D2, H2
500 _aPublicat com no 1558 (mai 2024) de la revista L'Avant-scène théâtre
500 _aEstrena Théâtre Édouard, el juny de 2021
500 _aInclou anotacions de treball d'Éric Supply i escenografies d'Emmanuelle Roy
520 _a"Que feriez-vous si un yaourt disparaissait subitement de votre frigo? Pour Bernabé Leroux, 60 ans, veuf, expert-comptable estrêmement tatillon dans l'organisation de son quotidien, c'est un mystère tout autant qu'un drame. Alors que son entourage le croit complètement givré, il s'entête, jusqu'à la paranoïa. Mais qui est le plus fou, dans cette histoire?-- Contracoberta
830 _aAvant-scène.
_pThéâtre
_vno 1558
_9168170
908 _aCDMAE
940 _aCDMAE
942 _2udc
_c1
999 _c137131
_d137131